| 000 | 01121 a2200241 4500 | ||
|---|---|---|---|
| 001 | 43873 | ||
| 005 | 20260407155719.0 | ||
| 008 | 260407a2014 arg spa d | ||
| 003 | AR-UNSa-BCEJYS | ||
| 040 |
_aAR-UNSa-BCEJYS _bspa _cAR-UNSa-BCEJYS |
||
| 080 |
_a658.11:504 _xEmpresas sustentables |
||
| 245 | 1 | 0 | _aNegocios sustentables |
| 020 | _a978-607-17-1744-3 | ||
| 264 | 1 |
_aMéxico : _bTrillas _c2014 |
|
| 300 |
_a175 p. _c23 cm. |
||
| 505 | _a1. Resumen ejecutivo - 2. ¿Qué es un negocio sustentable? - 3. ¿Por qué hacerlo? - 4. ¿Quién lo está haciendo? ¿Quién lo ha hecho? - 5. Cómo hacerlo: guía de estrategia - 6. Cómo hacerlo: un estudio detallado - 7. Cómo justificarlo: elaboración de un portafolio de negocios - 8. Cómo gestionarla - 9. Cómo medirla - 10. Cómo hablar acerca de ella - 11. Intervención de los ejecutivos - 12. Otras fuentes | ||
| 041 | _aspa | ||
| 942 | _cBK | ||
| 590 | _aniveau_biblio:m niveau_hierar:0 | ||
| 100 | 1 | _aEsquivel, Alicia | |
| 700 | 1 | _aClegg, Brian | |
| 856 | 4 | 1 |
_uhttps://biblioeco.unsa.edu.ar/pmb/images/libros/L126797.jpg _yImagen de portada _qimage/jpeg |
| 999 |
_c3738 _d3738 |
||